Cielenie inflácie

Transmisný optimálny mechanizmus menovej politiky. Monetaristické menové cielenie. Podstata cielenia inflácie. Prednosti cielenia inflácie. Niektoré problémy realizácie cielenia inflácie.

Enregistré dans:
Détails bibliographiques
Auteur principal: Gonda, Vladimír
Format: Chapitre de livre
Langue:slovaque
Sujets:
Tags: Ajouter un tag
Pas de tags, Soyez le premier à ajouter un tag!

MARC

LEADER 00000naa a2200000 4500
001 r047493
005 20230808082729.6
041 0 |a slo 
044 |a SK 
245 1 0 |a Cielenie inflácie  |c Vladimír Gonda 
520 |a Transmisný optimálny mechanizmus menovej politiky. Monetaristické menové cielenie. Podstata cielenia inflácie. Prednosti cielenia inflácie. Niektoré problémy realizácie cielenia inflácie. 
610 2 0 |a inflácia 
610 2 0 |a cielenie inflácie 
610 2 0 |a monetarizmus 
610 2 0 |a politika menová 
610 2 0 |a kurz menový 
610 2 0 |a nástroje politiky menovej 
100 1 |a Gonda, Vladimír